Law and human behavior
| Autor Corporativo: | |
|---|---|
| Formato: | Electrónico Revista |
| Lenguaje: | inglés |
| Publicado: |
New York, N.Y. :
Plenum Publishing Corp.,
1977-
New York, NY : Kluwer Academic/Plenum Publishers New York : Springer Science+Business Media, Inc. Washington, D.C. : American Psychological Association |
| Materias: | |
| Acceso en línea: | Full text available from Research Library: 02/01/1999 to 12/31/2011 |
MARC
| LEADER | 00000nas a2200000 a 4500 | ||
|---|---|---|---|
| 001 | ssj0009805 | ||
| 003 | WaSeSS | ||
| 005 | 20200512172242.0 | ||
| 006 | m d | ||
| 007 | cr n | ||
| 008 | 000630c19779999nyubr pss o 0 0eng c | ||
| 010 | |a 2005236995 | ||
| 015 | |a 17,O11 |2 dnb | ||
| 016 | 7 | |a 020551622 |2 DE-101 | |
| 016 | 7 | |a 2017882-7 |2 DE-600 | |
| 022 | |a 1573-661X |l 0147-7307 |y 0147-7307 | ||
| 024 | 8 | |a pq53485 | |
| 030 | |a LHBEDM | ||
| 035 | |a (WaSeSS)ssj0009805 | ||
| 040 | |a F#A |b eng |c F#A |d OCLCQ |d OH1 |d EYM |d MUQ |d EYM |d HUL |d OCL |d EYM |d OCLCQ |d MYG |d OCLCO |d OCLCQ |d BUF |d OCLCF |d OCLCO |d OCLCQ |d DEBBG |d DEFHM |d OCLCO |d WT2 |d GWDNB |d GILDS |d OCLCO |d OCLCQ |d TOF |d OCLCO |d WYU |d OCLCO |d AUD |d VT2 |d OCLCA |d NJT |d EZ9 |d OCLCQ |d OCLCO |d OCLCA |d WaSeSS | ||
| 042 | |a pcc | ||
| 043 | |a n-us--- | ||
| 050 | 1 | 4 | |a K12 |
| 060 | 0 | 0 | |a W1 |b LA942 |
| 082 | 0 | 4 | |a 340 |
| 130 | 0 | |a Law and human behavior (Online) | |
| 245 | 1 | 0 | |a Law and human behavior |h [electronic resource]. |
| 260 | |a New York, N.Y. : |b Plenum Publishing Corp., |c 1977- | ||
| 260 | 2 | |3 1999-<2004> : |a New York, NY : |b Kluwer Academic/Plenum Publishers | |
| 260 | 2 | |3 <2005>-2011 : |a New York : |b Springer Science+Business Media, Inc. | |
| 260 | 3 | |3 2012- : |a Washington, D.C. : |b American Psychological Association | |
| 310 | |a Bimonthly, |b 1990- | ||
| 321 | |a Quarterly, |b 1977-1989 | ||
| 362 | 0 | |a Vol. 1, no. 1 (1977)- | |
| 506 | |a License restrictions may limit access. | ||
| 538 | |a Mode of access: World Wide Web. | ||
| 550 | |a The official journal of the American Psychology-Law Society/Division 41 of the American Psychological Association. | ||
| 588 | 0 | |a Vol. 1, no. 1 (1977); title from title screen (Springerlink, viewed June 12, 2012). | |
| 588 | 1 | |a Vol. 36, no. 3 (April 2012) (CSA Illumina website, viewed June 12, 2012). | |
| 650 | 0 | |a Law |z United States |v Periodicals. | |
| 650 | 0 | |a Law |x Psychological aspects |v Periodicals. | |
| 650 | 2 | |a Behavior. | |
| 650 | 2 | |a Behavioral Sciences. | |
| 650 | 2 | |a Jurisprudence. | |
| 650 | 6 | |a Droit |v Périodiques. | |
| 650 | 6 | |a Droit |x Aspect psychologique |v Périodiques. | |
| 650 | 6 | |a Comportement humain |v Périodiques. | |
| 650 | 7 | |a Law. |2 fast |0 (OCoLC)fst00993678 | |
| 650 | 7 | |a Law |x Psychological aspects. |2 fast |0 (OCoLC)fst00993801 | |
| 650 | 7 | |a Rechtspsychologie |2 gnd | |
| 650 | 7 | |a Rechtswissenschaft |2 gnd | |
| 650 | 7 | |a Verhaltensforschung |2 gnd | |
| 651 | 7 | |a United States. |2 fast |0 (OCoLC)fst01204155 | |
| 655 | 0 | |a Electronic journals. | |
| 710 | 2 | |a American Psychology-Law Society. | |
| 776 | 0 | 8 | |i Print version: |t Law and human behavior |x 0147-7307 |w (DLC) 77641812 |w (OCoLC)3173559 |
| 856 | 4 | 0 | |z Full text available from Research Library: 02/01/1999 to 12/31/2011 |u https://search.proquest.com/publication/48067 |